书目信息 |
| 题名: |
长读苏南
|
|
| 作者: | 董筱丹 , 温铁军 著 | |
| 分册: | 苏州工业园区二十年述要 | |
| 出版信息: | 北京 东方出版社 2023.03 |
|
| 页数: | 490页 | |
| 开本: | 20cm | |
| 丛书名: | ||
| 单 册: | ||
| 中图分类: | F427.533 | |
| 科图分类: | ||
| 主题词: | 工业经济--中国 | |
| 电子资源: | ||
| ISBN: | 7-5207-2994-X | |
| 000 | 00863nam0 2200241 450 | |
| 001 | 2432769029 | |
| 005 | 20240910093801.90 | |
| 010 | @a7-5207-2994-X@dCNY79.00 | |
| 100 | @a20240910d2023 km y0chiy0120 ea | |
| 101 | 0 | @achi |
| 102 | @aCN@b110000 | |
| 102 | @aCN@b110000 | |
| 200 | 1 | @a长读苏南@AChang Du Su Nan@e政府逆周期与高质量发展@i苏州工业园区二十年述要@f董筱丹,温铁军著@FDong Xiao Dan,Wen Tie Jun Zhu |
| 210 | @a北京@c东方出版社@d2023.03 | |
| 215 | @a490页@d20cm | |
| 517 | 1 | @a政府逆周期与高质量发展@AZheng Fu Ni Zhou Qi Yu Gao Zhi Liang Fa Zhan |
| 517 | 1 | @a苏州工业园区二十年述要@ASu Zhou Gong Ye Yuan Qu Er Shi Nian Shu Yao |
| 606 | 0 | @a工业经济@x中国 |
| 690 | @aF427.533@v4 | |
| 701 | 0 | @a董筱丹@ADong Xiao Dan@4著 |
| 701 | 0 | @a温铁军@AWen Tie Jun@4著 |
| 801 | 0 | @aCN@b大连网信软件有限公司图书馆·11@c20240910 |
| 905 | @aZUCC@dF427.533@e445:2 | |
| 长读苏南:政府逆周期与高质量发展.苏州工业园区二十年述要/董筱丹,温铁军著.-北京:东方出版社,2023.03 |
| 490页;20cm |
| ISBN 7-5207-2994-X:CNY79.00 |
| ● |
| 相关链接 |
|
|
|
|
正题名:长读苏南
索取号:F427.533/445:2
 
预约/预借
| 序号 | 登录号 | 条形码 | 馆藏地/架位号 | 状态 | 备注 |
| 1 | 1053574 | 210535740 | 第一样本阅览室/ [索取号:F427.533/445:2] |
已借出,限还日期为2034.09.11 借出人:宋晓敏 |